Quintilian on the Teaching of Speaking and Writing : Translations from Books One, Two, and Ten of the "Institutio oratoria" /
"Translation, with introductory material and other critical apparatus, of 'Institutio oratoria' (The Education of the Orator), by Roman rhetor Quintilian (Marcus Fabius Quintilanus, ca. A.D. 35-98?)."--
| Autor principal: | |
|---|---|
| Otros Autores: | , |
| Formato: | Electrónico eBook |
| Idioma: | Inglés Latín |
| Publicado: |
Carbondale :
Southern Illinois University Press,
[2016]
|
| Edición: | Second edition. |
| Colección: | Book collections on Project MUSE.
|
| Temas: | |
| Acceso en línea: | Texto completo |
MARC
| LEADER | 00000cam a22000004a 4500 | ||
|---|---|---|---|
| 001 | musev2_43709 | ||
| 003 | MdBmJHUP | ||
| 005 | 20230905044557.0 | ||
| 006 | m o d | ||
| 007 | cr||||||||nn|n | ||
| 008 | 151207s2016 ilu o 00 0 eng d | ||
| 020 | |a 9780809334414 | ||
| 020 | |z 9780809334407 | ||
| 035 | |a (OCoLC)933515809 | ||
| 040 | |a MdBmJHUP |c MdBmJHUP | ||
| 041 | 1 | |a eng |h lat | |
| 100 | 0 | |a Quintilian, |e author. | |
| 240 | 1 | 0 | |a Institutiones oratoriae. |k Selections. |l English |
| 245 | 1 | 0 | |a Quintilian on the Teaching of Speaking and Writing : |b Translations from Books One, Two, and Ten of the "Institutio oratoria" / |c edited by James J. Murphy and Cleve Wiese. |
| 250 | |a Second edition. | ||
| 264 | 1 | |a Carbondale : |b Southern Illinois University Press, |c [2016] | |
| 264 | 3 | |a Baltimore, Md. : |b Project MUSE, |c 2016 | |
| 264 | 4 | |c ©[2016] | |
| 300 | |a 1 online resource (247 pages). | ||
| 336 | |a text |b txt |2 rdacontent | ||
| 337 | |a computer |b c |2 rdamedia | ||
| 338 | |a online resource |b cr |2 rdacarrier | ||
| 490 | 0 | |a Landmarks in rhetoric and public address | |
| 505 | 0 | 0 | |a Machine generated contents note: |t BOOK I -- |t Chapter One -- |t Chapter Two -- |t Chapter Three -- |t Chapter Four -- |t Chapter Five -- |t Chapter Six -- |t Chapter Seven -- |t Chapter Eight -- |t Chapter Nine -- |t Chapter Ten -- |t Chapter Eleven -- |t Chapter Twelve -- |t BOOK II -- |t Chapter One -- |t Chapter Two -- |t Chapter Three -- |t Chapter Four -- |t Chapter Five -- |t Chapter Six -- |t Chapter Seven -- |t Chapter Eight -- |t Chapter Nine -- |t Chapter Ten -- |t On The Adult Education Of The Citizen-Orator Book Ten of the Institutio oratoria -- |t BOOK X -- |t Chapter One -- |t Chapter Two -- |t Chapter Three -- |t Chapter Four -- |t Chapter Five -- |t Chapter Six -- |t Chapter Seven. |
| 520 | 2 | |a "Translation, with introductory material and other critical apparatus, of 'Institutio oratoria' (The Education of the Orator), by Roman rhetor Quintilian (Marcus Fabius Quintilanus, ca. A.D. 35-98?)."-- |c Provided by publisher. | |
| 588 | |a Description based on print version record. | ||
| 650 | 7 | |a Rhetoric. |2 fast |0 (OCoLC)fst01096948 | |
| 650 | 7 | |a Oratory. |2 fast |0 (OCoLC)fst01047214 | |
| 650 | 7 | |a REFERENCE |x Writing Skills. |2 bisacsh | |
| 650 | 7 | |a LANGUAGE ARTS & DISCIPLINES |x Composition & Creative Writing. |2 bisacsh | |
| 650 | 7 | |a LANGUAGE ARTS & DISCIPLINES |x Study & Teaching. |2 bisacsh | |
| 650 | 7 | |a LANGUAGE ARTS & DISCIPLINES |x Communication Studies. |2 bisacsh | |
| 650 | 7 | |a LANGUAGE ARTS & DISCIPLINES |x Speech. |2 bisacsh | |
| 650 | 7 | |a LANGUAGE ARTS & DISCIPLINES |x Rhetoric. |2 bisacsh | |
| 650 | 6 | |a Rhetorique |v Ouvrages avant 1800. | |
| 650 | 6 | |a Art oratoire |v Ouvrages avant 1800. | |
| 650 | 0 | |a Rhetoric |v Early works to 1800. | |
| 650 | 0 | |a Oratory |v Early works to 1800. | |
| 655 | 7 | |a Early works. |2 fast |0 (OCoLC)fst01411636 | |
| 655 | 7 | |a Electronic books. |2 local | |
| 700 | 1 | |a Wiese, Cleve, |e editor. | |
| 700 | 1 | |a Murphy, James Jerome, |e editor. | |
| 710 | 2 | |a Project Muse. |e distributor | |
| 830 | 0 | |a Book collections on Project MUSE. | |
| 856 | 4 | 0 | |z Texto completo |u https://projectmuse.uam.elogim.com/book/43709/ |
| 945 | |a Project MUSE - Custom Collection | ||
| 945 | |a Project MUSE - 2016 Complete | ||
| 945 | |a Project MUSE - 2016 Higher Education | ||


